|
|
|
|
| LEADER |
02331nam a22006012a 4500 |
| 001 |
000309190 |
| 003 |
CZ BrMZK |
| 005 |
20170117094404.0 |
| 007 |
ta |
| 008 |
010907s1991 xr f eng d |
| 015 |
|
|
|a cnb000530722
|
| 020 |
|
|
|a 80-85269-07-4
|q (brož.) :
|c Kčs 18,00
|
| 035 |
|
|
|a (OCoLC)829660552
|
| 040 |
|
|
|a ABA001
|b cze
|
| 041 |
1 |
|
|a eng
|a eng
|h eng
|
| 072 |
|
7 |
|a 821-1/-8
|x Literatura různých forem a žánrů
|2 Konspekt
|9 25
|
| 072 |
|
7 |
|a 811.111
|x Angličtina
|2 Konspekt
|9 11
|
| 080 |
|
|
|a 821-845
|2 MRF
|
| 080 |
|
|
|a 821-36
|2 MRF
|
| 080 |
|
|
|a 82-84
|2 MRF
|
| 080 |
|
|
|a 811.111
|2 MRF
|
| 080 |
|
|
|a 81'24
|2 MRF
|
| 080 |
|
|
|a (0:82-845)
|2 MRF
|
| 080 |
|
|
|a (0:82-36)
|2 MRF
|
| 080 |
|
|
|a (0:82-84)
|2 MRF
|
| 080 |
|
|
|a (0.027)=030
|2 MRF
|
| 245 |
0 |
0 |
|a Keep smiling :
|b jokes, anecdotes, quotations = Vždy s úsměvem : vtipy, anekdoty, citáty /
|c [výběr a překlad Ivana Fischerová a Rudolf Malíř ; kresby Václav Ostatek]
|
| 246 |
3 |
1 |
|a Vždy s úsměvem
|
| 250 |
|
|
|a Vyd. 1.
|
| 260 |
|
|
|a Liberec :
|b Nakladatelství Libereckých tiskáren - LIT,
|c 1991
|
| 300 |
|
|
|a 32 s. :
|b il. ;
|c 33 cm
|
| 490 |
1 |
|
|a Picnic : English-Czech reader = anglicko-česká četba ;
|v 2
|
| 500 |
|
|
|a Název z obálky
|
| 546 |
|
|
|a Souběžný český text
|
| 500 |
|
|
|a Dostupné též v digitální podobě v aplikaci Kramerius
|
| 650 |
0 |
7 |
|a angličtina
|7 ph114056
|2 czenas
|
| 650 |
0 |
7 |
|a jazyková výuka
|7 ph162894
|2 czenas
|
| 655 |
|
7 |
|a vtipy
|7 fd133820
|2 czenas
|
| 655 |
|
7 |
|a anekdoty
|7 fd131798
|2 czenas
|
| 655 |
|
7 |
|a citáty
|7 fd131832
|2 czenas
|
| 655 |
|
7 |
|a dvojjazyčná vydání
|7 fd194533
|2 czenas
|
| 700 |
1 |
|
|a Fischerová, Ivana
|7 jo2013745626
|4 edt
|4 trl
|
| 700 |
1 |
|
|a Malíř, Rudolf
|7 jo2013745628
|4 edt
|4 trl
|
| 700 |
1 |
|
|a Ostatek, Václav,
|d 1947-
|7 xx0043265
|4 ill
|
| 830 |
|
0 |
|a Picnic.
|p Anglicko-česká řada
|0 s
|
| 856 |
4 |
1 |
|u http://www.digitalniknihovna.cz/mzk/uuid/uuid:4537d6d0-dd48-11e6-8a71-005056827e52
|y Digitalizovaný dokument
|x NDK
|
| 910 |
|
|
|a BOA001
|b 4-0967.071
|b PK-N-0029.196
|
| 920 |
|
|
|a 000071523
|
| 928 |
9 |
|
|a Liberecké tiskárny
|
| 990 |
|
|
|a BK
|
| 995 |
|
|
|a 01
|
| 996 |
7 |
|
|b 2619835709
|c 4-0967.071
|l MZK
|r Sklad / do 1 hodiny
|n 1
|w 000309190
|u 000010
|a 1
|e BOA001
|j MZK50
|s A
|
| 996 |
7 |
|
|b 3119963530
|c PK-N-0029.196
|l MZK
|r Sklad / do 1 hodiny
|n 1
|w 000309190
|u 000020
|a 1
|e BOA001
|j MZK50
|s A
|